<?xml version="1.0" encoding="UTF-8"?>
<record
    xmlns:xsi="http://www.w3.org/2001/XMLSchema-instance"
    xsi:schemaLocation="http://www.loc.gov/MARC21/slim http://www.loc.gov/standards/marcxml/schema/MARC21slim.xsd"
    xmlns="http://www.loc.gov/MARC21/slim">

  <leader>00857nam a22002297a 4500</leader>
  <controlfield tag="005">20180115111352.0</controlfield>
  <datafield tag="010" ind1=" " ind2=" ">
    <subfield code="a">1718EN-30       ENG-121711</subfield>
  </datafield>
  <datafield tag="020" ind1=" " ind2=" ">
    <subfield code="a">9788178244877</subfield>
    <subfield code="c">995.00</subfield>
  </datafield>
  <datafield tag="035" ind1=" " ind2=" ">
    <subfield code="a">EN-105243</subfield>
  </datafield>
  <datafield tag="035" ind1=" " ind2=" ">
    <subfield code="a">B-682629-633</subfield>
  </datafield>
  <datafield tag="037" ind1=" " ind2=" ">
    <subfield code="b">Aakar </subfield>
    <subfield code="a">dpl</subfield>
  </datafield>
  <datafield tag="037" ind1=" " ind2=" ">
    <subfield code="b">DBAD/PUB</subfield>
  </datafield>
  <datafield tag="082" ind1=" " ind2=" ">
    <subfield code="a">823.8</subfield>
  </datafield>
  <datafield tag="100" ind1=" " ind2=" ">
    <subfield code="a">Dalmia, Vasudha</subfield>
  </datafield>
  <datafield tag="245" ind1=" " ind2=" ">
    <subfield code="a">Fiction as history: </subfield>
    <subfield code="c">by Vasudha Dalmia</subfield>
    <subfield code="b">the novel and the city in modern north India / </subfield>
  </datafield>
  <datafield tag="260" ind1=" " ind2=" ">
    <subfield code="a">Ranikhet </subfield>
    <subfield code="b">Permanent Black </subfield>
    <subfield code="c">2015</subfield>
  </datafield>
  <datafield tag="270" ind1=" " ind2=" ">
    <subfield code="a">Himalayana, Mall Road, Ranikhet Cantt. </subfield>
    <subfield code="b">Ranikhet</subfield>
    <subfield code="e">263645</subfield>
  </datafield>
  <datafield tag="300" ind1="v" ind2=" ">
    <subfield code="a">xvi,428p.</subfield>
    <subfield code="c">21cm(hb)</subfield>
  </datafield>
  <datafield tag="500" ind1=" " ind2=" ">
    <subfield code="a">Includes index </subfield>
  </datafield>
  <datafield tag="942" ind1=" " ind2=" ">
    <subfield code="2">ddc</subfield>
    <subfield code="c">EN</subfield>
    <subfield code="m">DAL</subfield>
    <subfield code="h">823.8</subfield>
  </datafield>
  <datafield tag="999" ind1=" " ind2=" ">
    <subfield code="c">145724</subfield>
    <subfield code="d">145724</subfield>
  </datafield>
  <datafield tag="952" ind1=" " ind2=" ">
    <subfield code="0">0</subfield>
    <subfield code="1">0</subfield>
    <subfield code="4">0</subfield>
    <subfield code="7">1</subfield>
    <subfield code="8">NFIC</subfield>
    <subfield code="a">DBAD</subfield>
    <subfield code="b">BN</subfield>
    <subfield code="d">2017-12-04</subfield>
    <subfield code="e">DBAD/PUB</subfield>
    <subfield code="g">995.00</subfield>
    <subfield code="l">0</subfield>
    <subfield code="o">823.8 DAL</subfield>
    <subfield code="p">EN-105243</subfield>
    <subfield code="r">2017-12-04 00:00:00</subfield>
    <subfield code="t">1</subfield>
    <subfield code="v">995.00</subfield>
    <subfield code="y">EN</subfield>
  </datafield>
  <datafield tag="952" ind1=" " ind2=" ">
    <subfield code="0">0</subfield>
    <subfield code="1">0</subfield>
    <subfield code="4">0</subfield>
    <subfield code="7">0</subfield>
    <subfield code="8">NFIC</subfield>
    <subfield code="a">L</subfield>
    <subfield code="b">L</subfield>
    <subfield code="d">2018-01-15</subfield>
    <subfield code="e">Aakar/I-2012/30.11.17/BPPD/EN/2017-18/631/20.11.17/14.12.2017</subfield>
    <subfield code="g">995.00</subfield>
    <subfield code="l">3</subfield>
    <subfield code="o">823.8 DAL</subfield>
    <subfield code="p">B-682629</subfield>
    <subfield code="r">2022-07-30 00:00:00</subfield>
    <subfield code="s">2022-07-22</subfield>
    <subfield code="t">1</subfield>
    <subfield code="v">995.00</subfield>
    <subfield code="y">EN</subfield>
  </datafield>
  <datafield tag="952" ind1=" " ind2=" ">
    <subfield code="0">0</subfield>
    <subfield code="1">0</subfield>
    <subfield code="4">0</subfield>
    <subfield code="7">0</subfield>
    <subfield code="8">NFIC</subfield>
    <subfield code="a">AV</subfield>
    <subfield code="b">AV</subfield>
    <subfield code="d">2018-01-15</subfield>
    <subfield code="e">Aakar/I-2012/30.11.17/BPPD/EN/2017-18/631/20.11.17/14.12.2017</subfield>
    <subfield code="g">995.00</subfield>
    <subfield code="l">1</subfield>
    <subfield code="o">823.8 DAL</subfield>
    <subfield code="p">B-682630</subfield>
    <subfield code="r">2019-08-14 00:00:00</subfield>
    <subfield code="s">2019-07-31</subfield>
    <subfield code="t">1</subfield>
    <subfield code="v">995.00</subfield>
    <subfield code="y">EN</subfield>
  </datafield>
  <datafield tag="952" ind1=" " ind2=" ">
    <subfield code="0">0</subfield>
    <subfield code="1">0</subfield>
    <subfield code="4">0</subfield>
    <subfield code="7">0</subfield>
    <subfield code="8">NFIC</subfield>
    <subfield code="a">BL1</subfield>
    <subfield code="b">BL1</subfield>
    <subfield code="d">2018-01-15</subfield>
    <subfield code="e">Aakar/I-2012/30.11.17/BPPD/EN/2017-18/631/20.11.17/14.12.2017</subfield>
    <subfield code="g">995.00</subfield>
    <subfield code="l">0</subfield>
    <subfield code="o">823.8 DAL</subfield>
    <subfield code="p">B-682631</subfield>
    <subfield code="r">2018-01-15 00:00:00</subfield>
    <subfield code="t">1</subfield>
    <subfield code="v">995.00</subfield>
    <subfield code="y">EN</subfield>
  </datafield>
  <datafield tag="952" ind1=" " ind2=" ">
    <subfield code="0">0</subfield>
    <subfield code="1">0</subfield>
    <subfield code="4">0</subfield>
    <subfield code="7">0</subfield>
    <subfield code="8">NFIC</subfield>
    <subfield code="a">JP</subfield>
    <subfield code="b">JP</subfield>
    <subfield code="d">2018-01-15</subfield>
    <subfield code="e">Aakar/I-2012/30.11.17/BPPD/EN/2017-18/631/20.11.17/14.12.2017</subfield>
    <subfield code="g">995.00</subfield>
    <subfield code="l">3</subfield>
    <subfield code="m">1</subfield>
    <subfield code="o">823.8 DAL</subfield>
    <subfield code="p">B-682632</subfield>
    <subfield code="r">2025-06-18 00:00:00</subfield>
    <subfield code="s">2025-05-28</subfield>
    <subfield code="t">1</subfield>
    <subfield code="v">995.00</subfield>
    <subfield code="y">EN</subfield>
  </datafield>
  <datafield tag="952" ind1=" " ind2=" ">
    <subfield code="0">0</subfield>
    <subfield code="1">0</subfield>
    <subfield code="4">0</subfield>
    <subfield code="7">0</subfield>
    <subfield code="8">NFIC</subfield>
    <subfield code="a">BN</subfield>
    <subfield code="b">BN</subfield>
    <subfield code="d">2018-01-15</subfield>
    <subfield code="e">Aakar/I-2012/30.11.17/BPPD/EN/2017-18/631/20.11.17/14.12.2017</subfield>
    <subfield code="g">995.00</subfield>
    <subfield code="l">0</subfield>
    <subfield code="o">823.8 DAL</subfield>
    <subfield code="p">B-682633</subfield>
    <subfield code="r">2018-01-15 00:00:00</subfield>
    <subfield code="t">1</subfield>
    <subfield code="v">995.00</subfield>
    <subfield code="y">EN</subfield>
  </datafield>
</record>
